| 000 | 01749cam a2200481Ii 4500 | ||
|---|---|---|---|
| 001 | sjds1248085 | ||
| 003 | sjds | ||
| 005 | 20200626113135.0 | ||
| 008 | 161001s2017 tnua j 000 1 eng d | ||
| 020 | _a9780718087685 (hard) | ||
| 020 | _a0718087682 (hard) | ||
| 035 | _a1141635 | ||
| 035 | _a(OCoLC)960238448 | ||
| 035 | _a1078687 | ||
| 035 | _a(OCoLC)ocn960238448 | ||
| 035 | _a1141635 | ||
| 035 | _a1141635 | ||
| 040 |
_aBDX _beng _erda _cBDX _dOCLCQ _dHBP _dORX _dYVR _dIFA |
||
| 041 | 1 |
_aeng _aspa _heng |
|
| 049 | _aIFAA | ||
| 099 | _f2017 | ||
| 100 | 1 |
_aCala, Ismael, _eauthor. |
|
| 245 | 1 | 3 |
_aLa pinata magica = _bThe magic pinata / _cIsmael Cala ; llustrado por/ilustrated by Yunior Suarez. |
| 246 | 3 | 1 | _aMagic pinata |
| 260 |
_aNashville, TN : _bHarperCollins Espanol, _c[2017] |
||
| 264 | 1 |
_aNashville, TN : _bHarperCollins Espanol, _c[2017] |
|
| 300 |
_a1 volume (unpaged) : _bcolor illustrations ; _c21 cm |
||
| 336 |
_atext _btxt _2rdacontent |
||
| 337 |
_aunmediated _bn _2rdamedia |
||
| 338 |
_avolume _bnc _2rdacarrier |
||
| 520 | _aLa piñata mágica hará recordar a chicos y grandes sus propias anécdotas, en las que las piñatas eran el centro de atención. Vive junto a tus hijos momentos inolvidables al leer esta tierna historia. | ||
| 546 | _aText in English and Spanish. | ||
| 650 | 0 |
_aPinatas _vJuvenile fiction. |
|
| 650 | 0 |
_aBirthdays _vJuvenile fiction. |
|
| 650 | 0 |
_aParties _vJuvenile fiction. |
|
| 650 | 0 |
_aSharing _vJuvenile fiction. |
|
| 650 | 0 |
_aSpanish language materials _xBilingual. |
|
| 650 | 7 |
_aPinatas _vNovela juvenil. _2bidex |
|
| 650 | 7 |
_aCumpleaños _vNovela juvenil. _2bidex |
|
| 650 | 7 |
_aFiestas _vNovela juvenil. _2bidex |
|
| 700 | 1 |
_aSuarez, Yunior, _eillustrator. |
|
| 942 | _cBK | ||
| 999 |
_c21990 _d21990 |
||